000 01122nam0a2200289 4500
001 RU\NLR\bibl\1313685
005 20260406084105.0
010 _a978-5-9539-2536-5
_96000
021 _aRU
_b2008-2520и
_9138и
035 _a(NLR Aleph) 001299098
090 _a607730
_c607730
100 _a20090111d2008 |||y0rusy50 ca
101 0 _arus
102 _aRU
105 _aa |||||||||
200 1 _aЛунтик и его друзья
_iЛевый - правый!
_eкнижка с магнитами
_e[для чтения взрослыми детям
_fхудож. Дарина Шмидт и др.]
210 _aМосква
_cЭгмонт
_cЭгмонт Россия Лтд
_dcop. 2008
215 _a[8] с.
_cцв. ил.
_d21х23
_eмагниты в коробке
300 _aВ вып. дан. загл.: Левый - правый!
702 1 _4040
_8rus
_7ca
_aШмидт
_bД.
_cхудожник
_f1983-
_gДарина
_3RU\NLR\auth\7752108
_935041
801 0 _aRU
_bNLR
_c20090111
_gRCR
801 1 _aRU
_bNLR
_c20090111
852 _aNLR
_jИгр/601
942 _cBOOK
980 _aNB